00285nam a2200109Ia 4500008004100000041000800041082001200049100002500061245004500086260002600131300001800157240719s9999 xx 000 0 und d aeng a920 VIS aVishwanath, Gundappa aWrist Assured: An Autobiography Gundappa aNew DelhibRupac2022 a267 P.; 24 Cm